| 000 | 00462nam a2200133Ia 4500 | ||
|---|---|---|---|
| 008 | 231129s2016||||xx |||||||||||||| ||spa|| | ||
| 020 | _a978-958-722-239-5 | ||
| 082 | _aDL370.112 L846e | ||
| 100 | _aDíaz Gómez ílvaro. | ||
| 245 | 0 | _aEvaluación o calificación en Humanidades: Seis experiencias en contexto Universitario | |
| 260 | _c2016 | ||
| 264 | _aPereira : Universidad Tecnológica de Pereira | ||
| 942 |
_2ddc _cBKS |
||
| 999 |
_c13745 _d13745 |
||